Statistics for Every city in Madagascar

Click here to take the quiz!

General Stats

  • This quiz has been taken 13 times
  • The average score is 14 of 76

Answer Stats

CityPopulation% Correct
AAntananarivo1,274,225
100%
FFianarantsoa191,776
69%
AAntsiranana129,320
62%
MMahajanga246,022
62%
TToamasina325,857
62%
AAntsirabe246,354
46%
TToliara168,756
46%
AAmbodifototra26,822
31%
MMorondava53,510
31%
TTaolanaro67,284
31%
AAmbohimahasoa11,606
23%
AAmbositra41,078
23%
AAmbovombe65,402
23%
IIhosy39,556
23%
AAmbalavao43,231
15%
AAmbanja60,321
15%
AAmbatolampy32,291
15%
AAmpanihy38,000
15%
AAnalalava12,991
15%
AAndoany50,251
15%
AAnjozorobe24,117
15%
AAnkazobe26,845
15%
AAntalaha67,888
15%
AAntsohihy38,253
15%
BBesalampy11,331
15%
BBetafo34,336
15%
BBetioky25,612
15%
BBetroka17,327
15%
BBoriziny22,573
15%
BBrickaville27,865
15%
FFarafangana34,676
15%
FFenoarivo Atsinanana41,734
15%
MMaevatanana25,928
15%
MMahabo17,731
15%
MMahanoro37,800
15%
MMaintirano22,293
15%
MManakara44,237
15%
MMananara Avaratra35,148
15%
MMananjary25,222
15%
MMandritsara31,135
15%
MManja20,556
15%
MManjakandriana22,188
15%
MMaroantsetra42,529
15%
MMarovoay39,290
15%
MMiandrivazo20,421
15%
MMiarinarivo13,109
15%
MMoramanga57,084
15%
MMorombe22,625
15%
SSoalala14,328
15%
TTsiroanomandidy44,461
15%
VVangaindrano38,537
15%
VVatomandry15,836
15%
VVavatenina35,750
15%
VVohemar22,047
15%
VVohipeno14,751
15%
AAmbatoboeny33,456
8%
AAmbatodrazaka47,649
8%
AAmbatofinandrahana37,409
8%
AAmbilobe62,346
8%
AAmboasary45,989
8%
AAmbohidratrimo23,760
8%
AAmparafaravola33,299
8%
AAndapa34,616
8%
AAndilamena37,229
8%
AArivonimamo28,324
8%
BBealanana30,937
8%
BBefandriana-Avaratra17,559
8%
FFandriana29,232
8%
IIfanadiana15,681
8%
IIkongo36,684
8%
IImerintsiatosika69,953
8%
MMampikony28,593
8%
MMorafeno Bekily20,915
8%
SSambava84,039
8%
SSoavinandriana40,045
8%
TTsaratanana24,971
8%

Score Distribution

Percentile by Number Answered

Percent of People with Each Score

Your Score History

You have not taken this quiz